FAO fisheries technical paper; N403 Demographic change in coastal fishing communities and its implications for the coastal environment

Contrary to the assumed golbal, the number of coastal fishers has started to decline or stagnate in four of the countries studied, while it is still increasing, although more slowly, in the other two. Also contrary to other reports, levels of fertility and infant mortality in fishing communities wer...

全面介绍

Đã lưu trong:
书目详细资料
主要作者: U Tietze
格式: 图书
语言:Undetermined
出版: Rome FAO 2000
主题:
标签: 添加标签
没有标签, 成为第一个标记此记录!
Thư viện lưu trữ: Trung tâm Học liệu Trường Đại học Cần Thơ
LEADER 01157nam a2200205Ia 4500
001 CTU_40329
008 210402s9999 xx 000 0 und d
082 |a 639 
082 |b F533/N403 
100 |a U Tietze 
245 0 |a FAO fisheries technical paper; N403 
245 0 |b Demographic change in coastal fishing communities and its implications for the coastal environment 
245 0 |c U Tietze, A Marcoux, FAO, G Groeneworld 
260 |a Rome 
260 |b FAO 
260 |c 2000 
520 |a Contrary to the assumed golbal, the number of coastal fishers has started to decline or stagnate in four of the countries studied, while it is still increasing, although more slowly, in the other two. Also contrary to other reports, levels of fertility and infant mortality in fishing communities were found not to be much higher than those in farming communities. However, adul mortality data seem to indicating that living and health conditions in fishing communities could be worse than average, in particular for women. 
650 |a fisheries 
904 |i Nguyễn Quang Điền, 010228 
980 |a Trung tâm Học liệu Trường Đại học Cần Thơ